UEFA European Championship - Runners-up - Statistics

General Stats
  • This quiz has been taken 42 times
  • The average score is 14 of 15
Answer Stats
Year Runners-up % Correct
2016 France
100%
1992 Germany
97%
2008 Germany
97%
2000 Italy
97%
2012 Italy
97%
2004 Portugal
97%
1984 Spain
95%
1980 Belgium
92%
1964 Soviet Union
87%
1972 Soviet Union
87%
1988 Soviet Union
87%
1976 West Germany
82%
1960 Yugoslavia
82%
1968 Yugoslavia
82%
1996 Czech Republic
77%
No matching quizzes found
Score Distribution
Percent of People with Each Score
Percentile by Number Answered
Your Score History
You have not taken this quiz